000 00456nab a2200145Ia 4500
003 ES-SlBCS
005 20210601130140.0
008 140529s1975 xxu||||| |||| 00| 0 fre d
041 _afre
100 1 _aOlivar, Alexandre
_991899
245 0 0 _aL'image du soleil non souillé dans la littérature patristique
_c Alexandre Olivar
650 0 4 _aLiteratura Patrística
_9169607
773 0 _tDidaskalia
_gvol. 5, nº. 1, 1975, págs. 3-20
_wRev163
942 _cAR
999 _c541784
_d541784